Rozvoj a aplikácia teoretických metód na štúdium slabých medzimolekulových interakcií

Salvato in:
Dettagli Bibliografici
Autore principale: Ilčin, Michal
Natura: Libro
Lingua:inglese
Pubblicazione: Bratislava STU FCHPT 2008
Accesso online:Visualizza in OPAC
Tags: Aggiungi Tag
Nessun Tag, puoi essere il primo ad aggiungerne!!

MARC

LEADER 00000nam a2200000 a 4500
005 20260127133921.0
008 090917 2009 xo 000 0 eng d
035 |a vtls009950919 
039 9 |y 200909171051  |z mschk03 
040 |a STUSCHK1  |b slo  |c STUSCHK1  |e AACR2 
100 1 |a Ilčin, Michal 
245 1 |a Rozvoj a aplikácia teoretických metód na štúdium slabých medzimolekulových interakcií  |c Michal Ilčin 
260 |a Bratislava  |b STU FCHPT  |c 2008 
300 |a 62 s.  |b il.  |c 30 cm 
500 |a Dizertačná práca 
500 |a Obháj.: 16.1 2009 
500 |a Fakulta chemickej a potravinárskej technológie, Odd. chemickej fyziky 
500 |a Vedný odbor: Chemická fyzika, 11-56-9 
910 |a SCHK95 
999 |c 47  |d 47